000 01258cab a2200349 4500
001 ABS46699
008 090401t1992 xxu||||| |||| 00| 0 eng d
035 _a(Sirsi) u59259
041 _aeng
245 _aRoom at the top
260 _c1992
350 _a0
490 _aWhich?
_vJuly 1992, 376-380(5)
520 _aDetailed examination of loft conversions covering the suitability of different roof structures, case studies, how to choose a builder, the type of contract to use, a design checklist, building and fire regulations and planning permission.
520 _aThis article is no longer held by the RICS Library but can be obtained via inter-library loan. Please ask Library staff for details.
650 _aATTICS
650 _aBUILDING REGULATIONS
_96224
650 _aCOLLAR ROOFS
650 _aContracts
_96232
650 _aCOUNCIL TAX
650 _aInsurance
_96249
650 _aLOFT CONVERSIONS
650 _aLOFTS
650 _aMANSARD ROOF
650 _aPLANNING PERMISSION
650 _aPURLIN ROOFS
650 _aBUILT ENVIRONMENT-BUILDING ELEMENTS-COMPLETE BUILDING ELEMENTS-ROOFS
650 _aTRUSSED RAFTER ROOFS
690 _aBUILT ENVIRONMENT-CONSTRUCTION DESIGN
942 _n0
948 _c04/03/1997
999 _c36341
_d36341